000 00297nam a22001217a 4500
999 _c530049
_d530049
003 NUST
038 _aMSOHAIL
082 _a0
100 _aPlanning of Development Department
_923310
245 _aDistrict Development Profile 2011: Jaffar Abad
300 _a129,p;
_c28cm
_ep/b
942 _2ddc
_cBK